[Event "SVK-ch U10"]
[Site "Tatralandia"]
[Date "2024.04.12"]
[Round "9"]
[White "Kopecny, Adam"]
[Black "Karol, Timur"]
[Result "1/2-1/2"]
[WhiteElo "1521"]
[BlackElo "1522"]
[PlyCount "95"]
[EventDate "2024.04.05"]
[EventType "swiss"]
[EventRounds "9"]
[EventCountry "SVK"]
[SourceTitle "CB16_2024"]
[SourceDate "2024.04.17"]
[SourceVersion "1"]
[SourceVersionDate "2024.04.17"]
[SourceQuality "1"]

1. e4 d5 2. exd5 Qxd5 3. Nc3 Qa5 4. d4 c6 5. Nf3 Nf6 6. Ne5 Bf5 7. Bc4 e6 8. g4 Be4 9. 0-0 Bd6 10. Bd2 Bxe5 11. Nxe4 Qc7 12. dxe5 Nxe4 13. Bb4 c5 14. Bb5+ Nc6 15. Ba3 0-0 16. f4 Qb6 17. Bxc6 Qxc6 18. Qe2 f5 19. Rad1 Qb6 20. Qc4 Kh8 21. gxf5 exf5 22. Rd7 Rad8 23. Rfd1 Qg6+ 24. Kf1 Rc8 25. Qe2 Qh6 26. Qf3 Qxh2 27. R1d3 c4 28. Bxf8 cxd3 29. Bxg7+ Kg8 30. Rxd3 Kxg7 31. c3 Rf8 32. Qg2+ Qxg2+ 33. Kxg2 Rf7 34. Kf3 Re7 35. Rd1 Kf7 36. Rh1 Ke8 37. Rh5 Rg7 38. Rxf5 Nd2+ 39. Kf2 h6 40. Rh5 Rh7 41. Ke2 Ne4 42. Kf3 Nd2+ 43. Ke2 Nc4 44. b3 Nb6 45. c4 Nd7 46. Ke3 Ke7 47. Kd4 Nb6 48. a4 1/2-1/2

[Event "SVK-ch U10"]
[Site "Tatralandia"]
[Date "2024.04.11"]
[Round "8"]
[White "Zilincan, Tomas"]
[Black "Kopecny, Adam"]
[Result "0-1"]
[WhiteElo "1733"]
[BlackElo "1521"]
[PlyCount "70"]
[EventDate "2024.04.05"]
[EventType "swiss"]
[EventRounds "9"]
[EventCountry "SVK"]
[SourceTitle "CB16_2024"]
[SourceDate "2024.04.17"]
[SourceVersion "1"]
[SourceVersionDate "2024.04.17"]
[SourceQuality "1"]

1. Nf3 Nf6 2. d4 e6 3. Bf4 b6 4. e3 Bb7 5. Bd3 c5 6. c3 d5 7. 0-0 Nbd7 8. Nbd2 Be7 9. Qe2 Nh5 10. Bg3 Nxg3 11. hxg3 f5 12. Bb5 0-0 13. Bxd7 Qxd7 14. Ne5 Qd6 15. f4 Bf6 16. Ndf3 a5 17. Qc2 Ba6 18. Rfd1 h6 19. Ng6 Rfe8 20. Kf2 Kh7 21. Nge5 Rac8 22. Rh1 cxd4 23. exd4 Bxe5 24. Nxe5 Qb4 25. Rac1 Qd6 26. g4 Rf8 27. g5 b5 28. Rh3 Rc7 29. gxh6 g6 30. Rg3 Rg8 31. Rh1 Qb6 32. Rhh3 Qxd4+ 33. Kf3 Qg1 34. Qd3 Qe1 35. Rg5 d4 0-1

[Event "SVK-ch U10"]
[Site "Tatralandia"]
[Date "2024.04.09"]
[Round "6"]
[White "Kopecny, Adam"]
[Black "Viglas, Richard"]
[Result "1-0"]
[WhiteElo "1521"]
[BlackElo "1654"]
[PlyCount "45"]
[EventDate "2024.04.05"]
[EventType "swiss"]
[EventRounds "9"]
[EventCountry "SVK"]
[SourceTitle "CB16_2024"]
[SourceDate "2024.04.17"]
[SourceVersion "1"]
[SourceVersionDate "2024.04.17"]
[SourceQuality "1"]

1. d4 Nf6 2. c4 g6 3. Nc3 Bg7 4. e4 d6 5. f3 0-0 6. Nge2 Nbd7 7. Be3 e5 8. d5 a6 9. g4 Qe7 10. Ng3 Re8 11. Qd2 c6 12. 0-0-0 cxd5 13. cxd5 b5 14. Kb1 Bb7 15. h4 Rec8 16. h5 Qf8 17. g5 Ne8 18. Qh2 f6 19. Bh3 Rc7 20. Be6+ Kh8 21. hxg6 h6 22. gxh6 Bxh6 23. Bxh6 1-0

[Event "SVK-ch U10"]
[Site "Tatralandia"]
[Date "2024.04.05"]
[Round "1"]
[White "Kucak, Matus"]
[Black "Kopecny, Adam"]
[Result "0-1"]
[WhiteElo "1000"]
[BlackElo "1521"]
[PlyCount "50"]
[EventDate "2024.04.05"]
[EventType "swiss"]
[EventRounds "9"]
[EventCountry "SVK"]
[SourceTitle "CB16_2024"]
[SourceDate "2024.04.17"]
[SourceVersion "1"]
[SourceVersionDate "2024.04.17"]
[SourceQuality "1"]

1. e4 c5 2. Nf3 e6 3. Nc3 a6 4. d3 d5 5. exd5 exd5 6. Qe2+ Be7 7. Bd2 Nf6 8. 0-0-0 0-0 9. Bg5 Nc6 10. Bxf6 Bxf6 11. Qd2 Be6 12. Be2 Qa5 13. a3 b5 14. Nb1 b4 15. Rhe1 Rfd8 16. h3 Qb6 17. Nh2 bxa3 18. Qc3 Bxc3 19. bxc3 a2 20. Kd2 a1Q 21. Bg4 Bxg4 22. Nxg4 d4 23. f3 dxc3+ 24. Nxc3 Qxc3+ 25. Kxc3 Qb4# 0-1